000 003210000a22001450004500
003 MACL
040 _aMACL
090 _c31451
_d31449
100 _aKing,Nelson
245 _aTeach Yourself Visual FoxPro 3
260 _bBP B Publications
350 _a180
650 _aComputer probraming
942 _cBOOK
_k005.369/Kin
999 _c31136
_d31136